000 00843nam a22002177a 4500
003 UA-OsUOA
001 56629
007 ta
008 20081105b un ||||| |||| 00| 0 ukr d
090 _a340(047)
_bІ-66
942 _cBK
040 _aUA-OsUOA
_bukr
_cUA-OsUOA
_dUA-OsUOA
245 _aІнноваційна модель розвитку клінічної юридичної освіти: на прикладі Національного університету "Острозька академія"
_bінформаційний бюлетень
300 _a48 с.
955 _a2
041 _aukr
080 _a340(047)
260 _aОстрог
_bНаУОА
_c2006
650 7 _a340 Право в цілому. Пропедевтика. Методи та допоміжні правничі науки
_2UDC
999 _c342718
_d342718